000 00737cam a22002414i 4500
008
020 _a9780761928515 (hbk.)
049 0 _aMAIN
090 _aH61.28
_bINS
245 0 0 _aInside interviewing :
_bnew lenses, new concerns /
_cJames A. Holstein, Jaber F. Gubrium, editors
260 _aThousand Oaks :
_bSage Publications,
_c[2003]
300 _a557 p. :
_bill. ;
_c26 cm
500 _aIncludes index.
504 _aIncludes bibliographical references.
650 0 _aInterviewing
700 1 _aHolstein, James A
700 1 _aGubrium, Jaber F
907 _a.b10384650
_b28-09-17
_c28-09-17
003
005 20230123122303.0
040 _cNUST
942 _cBOOKS
_kH61.28
_mINS
999 _c131027
_d131027